000 01413nam a22003737a 4500
003 CHAP
005 20220329143111.0
008 060327d2006 mx r 00110 spa d
010 _a91931
011 _a92903
035 _a103470
040 _cCHAP
090 _aTesis
100 0 0 _aVázquez Roblero, Aresio Eladio.
_9120486
245 1 0 _aIglesia y organizaciones de productores cafetaleros indígenas de Chiapas :
_bde ISMAM a la FIECH
_c/por Aresio Eladio Vázquez Roblero
260 _aChapingo, Méx. :
_bEl autor,
_c2006.
300 _a75 h.
502 _aTesis (M.C. en Desarrollo Rural Regional) -- UACH. Centros Regionales Universitarios
590 _aALEPH
_b10
_c20130110
_lUCH01
_h1510
590 _aBATCH-UPD
_b10
_c20130110
_lUCH01
_h0707
590 _aBATCH-UPD
_b10
_c20130410
_lUCH01
_h0353
590 _aBATCH-UPD
_b10
_c20130913
_lUCH01
_h2118
590 _aCONVERSION
_b10
_c20130109
_lUCH01
_h1351
650 1 4 _aAgricultura
_xSociedades
_xChiapas.
_91801
650 1 4 _aCafeticultores.
_917080
650 1 4 _aIglesia y agricultura.
_957337
650 1 4 _aIndios de Chiapas
_xReligión y mitología.
_957599
650 1 4 _aOrganización de productores.
_983544
901 _aBK
905 _aAlejandra Carrasco M.
942 _cFOLL
949 _aTesis
_bBC
_cTES
_d00000001034701
_eTS1
_gDonaciØn
_h44590
_i103470
_sb
949 _aTesis
_bBC
_cTES
_d33724000999512
_eTS2
_fc.2
_gDonaciØn
_h44591
_i103470
_sb
999 _c91931
_d91931